000 00745cam a2200253 4500
001 19283
005 20230404125945.0
008 060907s1999 nyu eng
020 _a052156526x
035 _9funglode19433
041 _aeng
050 1 4 _a103 F 2521
_bF268c 1999
082 0 0 _a981
100 1 _aFausto, Boris,
_d1930-
245 1 2 _aA concise history of Brazil /
_cBoris Fausto
260 _aNew York :
_bCambridge University Press,
_c1999
300 _axi, 362 p.
440 0 _aEssentials of political science
500 _aTítulo original. Historia concisa do Brasil.
651 0 _aBrazil
_xHistory.
651 4 _aBrasil
_xHistoria
_y1500-1984.
651 4 _aBrasil
_xPolítica y gobierno
_y1500-1984.
942 _2lcc
_cbk
999 _c8067
_d8067